Statistics for Top 30 most followed scratchers of Jan 2019

Click here to take the quiz!

General Stats

  • This quiz has been taken 1,050 times
  • The average score is 5 of 30

Answer Stats

RankAnswer% Correct
1Griffpatch
98%
3Will_Wam
63%
4Ceebee
62%
2WazzoTV
61%
12Dhilly
23%
6ScratchCat
21%
8Griffpatch_tutor
21%
5Hobson-TV
19%
9FunnyAnimatorJimTV
15%
10Scratchteam
15%
7TheChaotic
13%
20Rosyda
12%
15ipzy
12%
13kevin_eleven_1234
11%
17TNTsquirrel
9%
11yunnie2005
9%
16ScratchU8
8%
14SilverShimmer43
8%
18-Cinematic-
7%
21FUZZIE-WEASEL
7%
29Paddle2See
7%
19-Skystar-
6%
22TurboKitten
6%
28Astro947
6%
25Wildflight
5%
27speakvisually
5%
23Bear123Bear456
4%
26cartoonnetwork
4%
30_MistyLight_
3%
24BIazeheart
2%

Score Distribution

Percentile by Number Answered

Percent of People with Each Score

Your Score History

You have not taken this quiz